000 00524cam a2200193ua 4500
001 4185
008 111220n ii |||gr||||Z||||||asm
020 _a81-7201-430-9
040 _cMAIN
082 _a891.4513
100 _aBaruah, Nabakanta,
_eEditor.,
245 1 1 _aNirbachita bharatiya chuti galpa
_ced. by Nabakanta Baruah
250 _a1st.
260 _aNew Delhi:
_bSahitya akademi ,992.
300 _a146p:
_c23cm.
653 _aAssamese short stories
653 _aNirbachita bharatiya chuti galpa
942 _cBK
999 _c4007
_d4007